| 000 | 00499nam a22001817a 4500 | ||
|---|---|---|---|
| 003 | NUST - PNEC | ||
| 005 | 20170116180815.0 | ||
| 008 | 150520b xxu||||| |||| 00| 0 eng d | ||
| 020 | _a0333448863 | ||
| 040 | _cLIBRARY | ||
| 082 | _a510.2462 STR | ||
| 100 |
_93653 _aStroud, K. A. |
||
| 245 |
_aEngineering mathematics:programmes and problems _cK.A. Stroud |
||
| 260 |
_aLondon _bMacmillan _cc1970. |
||
| 300 | _a950 p. : | ||
| 650 |
_93655 _aEngineering mathematics _xGeneral |
||
| 942 |
_2ddc _cBK |
||
| 999 |
_c63521 _d63521 |
||